Nuestro Señor Jesucristo según los evangelios

שמור ב:
מידע ביבליוגרפי
מחבר ראשי: Fillion, Louis Claude (Author)
פורמט: ספר
שפה:ספרדית
יצא לאור: Barcelona Políglota 1924
מהדורה:1a. ed
נושאים:
תגים: הוספת תג
אין תגיות, היה/י הראשונ/ה לתייג את הרשומה!

MARC

LEADER 00000cam a2200000 a 4500
001 UCD0841
003 CL-VaPUC
008 151218e19240000sp |||||||||||||||||spa|d
082 0 4 |a 232  |b FIL  |2 21 
100 0 |a Fillion, Louis Claude  |e author  |9 583866 
245 1 0 |a Nuestro Señor Jesucristo según los evangelios 
250 |a 1a. ed 
300 |a 510 p 
942 |c BK 
945 |d 20151218 14:15:00  |a gsalatino 
260 |a Barcelona  |b Políglota  |c 1924 
600 0 |a Jesús  |9 313614 
650 0 |a Cristología   |9 315091 
650 0 |a Evangelios  |9 314864 
583 |a last modification  |c 20151218 14:15:00  |k Rodrigo Vera 
999 |c 362278  |d 362276 
952 |0 0  |1 0  |3 erb  |4 0  |6 232_000000000000000_FIL_1924  |7 0  |8 P  |9 473330  |a BIBTEO  |b BIBTES  |c TEO_FTES  |i 5273781  |o 232 FIL 1924  |p 5273781  |r 2024-01-18  |w 2019-11-24  |y BK  |z Catalogado en:20151218  |k ICR